| 000 | 01188nam a2200241Ia 4500 | ||
|---|---|---|---|
| 999 |
_c38286 _d38286 |
||
| 001 | 4294 | ||
| 003 | GE_BSU | ||
| 005 | 20191009162318.0 | ||
| 008 | 181216s2003||||ge |||||||||||||| ||geo|| | ||
| 020 | _a9994070827 | ||
| 040 | _cGE_BSU | ||
| 041 | _ageo | ||
| 080 | _a37.014.52 მ–47 | ||
| 100 |
_aმეგრელაძე, ციალა _91081 |
||
| 245 |
_aრელიგიურ-ეთიკური ნორმების ცოდნის სასწავლო პროცესში ჩართვის გზები და საშუალებები / _cრედ.: ალექსანდრე გობრონიძე |
||
| 264 |
_aბათუმი : _bაჭარა, _c2003. |
||
| 300 | _a229გვ. 20სმ. | ||
| 541 | _h5ლ. | ||
| 653 | _aრელიგიურ-ეთიკური ნორმების ცოდნის სასწავლო პროცესში ჩართვის გზები და საშუალებები | ||
| 653 | _aრელიგიური აღზრდა | ||
| 700 |
_aგობრონიძე, ალ. _eრედაქტორი _94660 |
||
| 942 |
_cBK _2udc |
||